[Event "Pere Noel"]
[Site "Montreal CAN"]
[Date "2016.12.30"]
[Round "5.16"]
[White "Li, Yi Lin"]
[Black "Nesterov, Timour"]
[Result "1-0"]
[WhiteElo "1950"]
[BlackElo "1878"]
[PlyCount "75"]
[EventDate "2016.12.26"]
[EventType "swiss"]
[EventRounds "5"]
[EventCountry "CAN"]

1. e4 e5 2. Nf3 Nc6 3. Bb5 Bc5 4. d3 d6 5. c3 a6 6. Ba4 Nf6 7. O-O h6 8. h3 O-O
9. Re1 b5 10. Bc2 Ba7 11. d4 exd4 12. cxd4 Re8 13. a3 Bb7 14. Nc3 Na5 15. Nh2
c5 16. d5 Nc4 17. Ng4 Bc8 18. b3 Nxg4 19. bxc4 Qf6 20. hxg4 Qxc3 21. Bf4 Qf6
22. Bg3 bxc4 23. Ba4 Re7 24. Bc6 Bb7 25. Bxb7 Rxb7 26. Qa4 Rb6 27. Qxc4 Rb2 28.
Rab1 Rab8 29. Rxb2 Rxb2 30. Qxa6 Qc3 31. Rf1 Bb6 32. Bxd6 Qd4 33. Qc8+ Kh7 34.
Qf5+ Kg8 35. Be5 Qd2 36. Bxb2 Qxb2 37. e5 Qd4 38. e6 1-0

[Event "Pere Noel (extra)"]
[Site "Montreal CAN"]
[Date "2016.12.26"]
[Round "1.18"]
[White "Hetman, Jacob"]
[Black "Morin, Louis"]
[Result "0-1"]
[WhiteElo "1398"]
[BlackElo "1909"]
[PlyCount "96"]
[EventDate "2016.12.26"]
[EventType "swiss"]
[EventRounds "5"]
[EventCountry "CAN"]

1. e4 e5 2. Nf3 d6 3. Bc4 f5 4. d4 Nf6 5. dxe5 Nxe4 6. O-O c6 7. exd6 Bxd6 8.
Nd4 Qc7 9. Kh1 b5 10. Bb3 Na6 11. f3 Nec5 12. Qe2+ Be7 13. Bg5 Nxb3 14. Nxc6
Nxa1 15. Nxe7 Kf7 16. Qxb5 Rb8 17. Qd5+ Be6 18. Qd3 Nb4 19. Qe2 Rbd8 20. Qf2 h6
21. Bf4 Qxf4 22. Qxa7 Rd7 23. Qa4 Rxe7 24. Nc3 Bd7 25. Qa5 Naxc2 26. a3 Ne3 27.
Re1 Nc4 28. Rxe7+ Kxe7 29. Qc5+ Nd6 30. g3 Qc1+ 31. Kg2 Qxb2+ 32. Kh3 Nd3 33.
Qe3+ Be6 34. Nd5+ Kf7 35. Qxd3 Bxd5 36. Qxd5+ Ke7 37. Qa5 Rb8 38. Qe1+ Kd7 39.
Qa5 g5 40. Qc5 Qb5 41. Qc1 g4+ 42. Kh4 f4 43. gxf4 gxf3 44. Qc3 Nf5+ 45. Kh3
Qf1+ 46. Kg4 Rb5 47. a4 Qg2+ 48. Kh5 Ng7+ 0-1

[Event "Pere Noel (extra)"]
[Site "Montreal CAN"]
[Date "2016.12.27"]
[Round "2.18"]
[White "Morin, Louis"]
[Black "Lemieux, Serge"]
[Result "1/2-1/2"]
[WhiteElo "1909"]
[BlackElo "1688"]
[PlyCount "146"]
[EventDate "2016.12.26"]
[EventType "swiss"]
[EventRounds "5"]
[EventCountry "CAN"]

1. e4 e6 2. Nf3 Nc6 3. d4 Nf6 4. Bd3 Nb4 5. O-O Nxd3 6. Qxd3 Be7 7. Bf4 b6 8.
Nbd2 Bb7 9. Rfe1 O-O 10. c4 Nh5 11. Be3 d6 12. Rad1 Nf6 13. e5 Ng4 14. Bf4 dxe5
15. Nxe5 Nxe5 16. Bxe5 f6 17. Bg3 e5 18. Nb3 Bb4 19. Re2 e4 20. Qc2 f5 21. Be5
Qg5 22. d5 Rfe8 23. Bxc7 Rac8 24. Bg3 f4 25. Rxe4 fxg3 26. hxg3 Bd6 27. Rde1
Rf8 28. Qe2 Bc5 29. Nxc5 bxc5 30. Re7 Bxd5 31. cxd5 Qxd5 32. Qg4 Qd4 33. Qe6+
Kh8 34. Qxc8 Qxf2+ 35. Kh2 Rxc8 36. Re8+ Qf8 37. Rxf8+ Rxf8 38. Re7 Kg8 39.
Rxa7 c4 40. Rb7 Rc8 41. a4 c3 42. bxc3 Rxc3 43. a5 Ra3 44. Ra7 h6 45. g4 Kh7
46. g3 Kg6 47. a6 Ra4 48. Kh3 Ra1 49. Ra8 Kf7 50. Kg2 Ra3 51. Kf2 Kg6 52. a7
Kg5 53. Rb8 Rxa7 54. Rb4 Ra2+ 55. Kf3 Ra3+ 56. Kg2 Ra2+ 57. Kh3 Kg6 58. Rb5 Kh7
59. g5 h5 60. g4 Kg6 61. Rb6+ Kxg5 62. Rb5+ Kg6 63. Rxh5 Ra1 64. Rb5 Kh6 65.
Kg3 Ra3+ 66. Kh4 g5+ 67. Rxg5 Rh3+ 68. Kxh3 Kxg5 69. Kg3 Kg6 70. Kf2 Kf6 71.
Kf3 Kg5 72. Kg3 Kg6 73. Kf4 Kf6 1/2-1/2

[Event "Pere Noel (extra)"]
[Site "Montreal CAN"]
[Date "2016.12.28"]
[Round "3.19"]
[White "Zhong, Kevin"]
[Black "Gauthier, Luc"]
[Result "1-0"]
[WhiteElo "1819"]
[BlackElo "1768"]
[PlyCount "41"]
[EventDate "2016.12.26"]
[EventType "swiss"]
[EventRounds "5"]
[EventCountry "CAN"]

1. e4 Nf6 2. e5 Nd5 3. Nc3 Nb6 4. d4 d6 5. f4 dxe5 6. fxe5 g6 7. Nf3 Bg7 8. Be2
O-O 9. O-O Bg4 10. Be3 c6 11. h3 Bxf3 12. Rxf3 N8d7 13. Qe1 Re8 14. Qh4 Nf8 15.
Raf1 f6 16. Ne4 Nd5 17. Bc4 f5 18. Bh6 fxe4 19. Rf7 Ne6 20. Bxg7 h5 21. Qxe4
1-0

[Event "Pere Noel (extra)"]
[Site "Montreal CAN"]
[Date "2016.12.29"]
[Round "4.18"]
[White "Li, Yi Lin"]
[Black "Morin, Louis"]
[Result "1/2-1/2"]
[WhiteElo "1950"]
[BlackElo "1909"]
[PlyCount "93"]
[EventDate "2016.12.26"]
[EventType "swiss"]
[EventRounds "5"]
[EventCountry "CAN"]

1. e4 e5 2. Nf3 d6 3. Nc3 Nf6 4. Bc4 Be7 5. O-O O-O 6. d3 c6 7. Re1 b5 8. Bb3
a5 9. a4 b4 10. Ne2 Be6 11. Ng3 Bxb3 12. cxb3 c5 13. Nf5 Nc6 14. Bg5 Ne8 15.
Nxe7+ Nxe7 16. Bxe7 Qxe7 17. Nd2 Nc7 18. Nc4 Ne6 19. Nb6 Rab8 20. Nd5 Qd8 21.
Re3 Nc7 22. Nxc7 Qxc7 23. Rh3 f5 24. Qc2 Qf7 25. Qc4 Qxc4 26. dxc4 fxe4 27. Rd1
Rbd8 28. Rd5 Rf6 29. Re3 Rf4 30. Kf1 Rdf8 31. Rd2 R8f6 32. Rde2 Kf7 33. Rxe4
Rxe4 34. Rxe4 Ke6 35. Ke2 d5 36. cxd5+ Kxd5 37. f3 Rd6 38. Ke3 g5 39. h4 h6 40.
Rg4 Ke6 41. Rc4 Rd5 42. hxg5 hxg5 43. Ke2 Kf6 44. Rc2 Kf5 45. Rc4 Kf6 46. Rc2
Kf5 47. Rc4 1/2-1/2

[Event "Pere Noel (extra)"]
[Site "Montreal CAN"]
[Date "2016.12.30"]
[Round "5.52"]
[White "Denis, Alain"]
[Black "Straehl, Patrick"]
[Result "0-1"]
[WhiteElo "1115"]
[BlackElo "1374"]
[PlyCount "70"]
[EventDate "2016.12.26"]
[EventType "swiss"]
[EventRounds "5"]
[EventCountry "CAN"]

1. e4 c5 2. Nf3 d6 3. d4 cxd4 4. Nxd4 g6 5. Nc3 Nf6 6. Be3 Bg7 7. Qd2 O-O 8. h3
a6 9. Be2 b5 10. a3 Bb7 11. f3 Nbd7 12. Nb3 Rc8 13. O-O-O Ne5 14. g4 Nc4 15.
Bxc4 Rxc4 16. Bh6 Qc7 17. Bxg7 Kxg7 18. Nd5 Nxd5 19. exd5 Rc8 20. Na1 a5 21.
Rh2 a4 22. f4 Rc5 23. Qd4+ Kg8 24. Qf2 Bxd5 25. f5 Be4 26. Rd2 g5 27. h4 f6 28.
hxg5 fxg5 29. f6 Rf8 30. Qe2 Re5 31. Qd1 Rxf6 32. Rhf2 Rxf2 33. Rxf2 Qc5 34.
Rd2 Qe3 35. c3 Bf3 0-1

[Event "Pere Noel U1500"]
[Site "Montreal CAN"]
[Date "2016.12.26"]
[Round "1.38"]
[White "Morin-Pare, Victor"]
[Black "Hebert, Guillaume"]
[Result "1-0"]
[WhiteElo "1492"]
[BlackElo "1218"]
[PlyCount "51"]
[EventDate "2016.12.26"]
[EventType "swiss"]
[EventRounds "5"]
[EventCountry "CAN"]

1. d4 d5 2. c4 e6 3. Nf3 Nf6 4. Nc3 Nc6 5. Bg5 Be7 6. e3 O-O 7. Rc1 Ne4 8. Bxe7
Qxe7 9. cxd5 Nxc3 10. Rxc3 exd5 11. Bd3 Nb4 12. Bb1 Bd7 13. Rxc7 Rfe8 14. Ne5
Ba4 15. Rxe7 Bxd1 16. Rxe8+ Rxe8 17. Kxd1 Kf8 18. Kd2 Ke7 19. Rc1 f6 20. Rc7+
Kd8 21. Rxb7 a5 22. Rb8+ Ke7 23. Rxe8+ Kxe8 24. Nd3 Nc6 25. Nc5 Ke7 26. Bxh7
1-0

[Event "Pere Noel U1500"]
[Site "Montreal CAN"]
[Date "2017.12.26"]
[Round "1.39"]
[White "Jain, Ankita"]
[Black "Chira, Dan"]
[Result "0-1"]
[WhiteElo "1197"]
[BlackElo "1485"]
[PlyCount "86"]
[EventDate "2016.12.26"]
[EventType "swiss"]
[EventRounds "5"]
[EventCountry "CAN"]

1. e4 c5 2. Nf3 d6 3. Bc4 Nf6 4. Nc3 a6 5. d4 cxd4 6. Nxd4 b5 7. Bd5 Nxd5 8.
Nxd5 Bb7 9. Nc3 b4 10. Nd5 a5 11. Qh5 g6 12. Qf3 Bg7 13. Qd3 Ba6 14. Nb5 O-O
15. Ndc7 Bxb5 16. Nxb5 Nd7 17. O-O Nc5 18. Qe3 e5 19. c3 Qb6 20. Qe2 Rab8 21.
a4 Nxa4 22. cxb4 axb4 23. Rxa4 Qxb5 24. Qxb5 Rxb5 25. Bd2 b3 26. Rc1 Rfb8 27.
Rc6 d5 28. exd5 Rxd5 29. Be1 Rd1 30. Kf1 Rb1 31. Rac4 h5 32. f3 Rxb2 33. Rc8+
Rxc8 34. Rxc8+ Kh7 35. Rc7 Rb1 36. Rxf7 Kg8 37. Rb7 e4 38. Kf2 Bd4+ 39. Ke2
Rb2+ 40. Bd2 e3 41. Rd7 Rxd2+ 42. Ke1 b2 43. Rb7 Rxg2 0-1

[Event "Pere Noel U1500"]
[Site "Montreal CAN"]
[Date "2016.12.26"]
[Round "1.40"]
[White "Girard-Plouffe, Francois"]
[Black "Brunelle, Raymond"]
[Result "1-0"]
[WhiteElo "1474"]
[BlackElo "1179"]
[PlyCount "93"]
[EventDate "2016.12.26"]
[EventType "swiss"]
[EventRounds "5"]
[EventCountry "CAN"]

1. Nf3 c5 2. c4 Nc6 3. Nc3 e6 4. d4 cxd4 5. Nxd4 Bb4 6. Ndb5 Bxc3+ 7. Nxc3 a6
8. e4 Nf6 9. Qd6 Qa5 10. Bd3 Qe5 11. Qa3 b6 12. Be3 Qc7 13. h3 d6 14. Na4 Rb8
15. O-O O-O 16. Rac1 e5 17. Nc3 Ne7 18. Nd5 Nexd5 19. cxd5 Qd7 20. Rc6 b5 21.
Rxd6 b4 22. Rxd7 bxa3 23. Re7 Re8 24. Rxe8+ Nxe8 25. b3 Bd7 26. Bxa6 Bb5 27.
Bxb5 Rxb5 28. Rc1 Rb8 29. f3 g6 30. Kf2 f5 31. Ke2 Nd6 32. Kd3 Kf7 33. Rc6 Rd8
34. Bc5 Ne8 35. Ra6 Rc8 36. b4 Kg7 37. Rxa3 Nf6 38. Ra7+ Kh6 39. a4 Kg5 40. Be7
Rb8 41. Bxf6+ Kxf6 42. b5 h5 43. Ra6+ Kg5 44. Kc4 Rg8 45. b6 Kf4 46. b7 Kg3 47.
Ra8 1-0

[Event "Pere Noel U1500"]
[Site "Montreal CAN"]
[Date "2016.12.26"]
[Round "1.42"]
[White "Fournier, Martin"]
[Black "Poulin, Roxane"]
[Result "1-0"]
[WhiteElo "1410"]
[BlackElo "1143"]
[PlyCount "53"]
[EventDate "2016.12.26"]
[EventType "swiss"]
[EventRounds "5"]
[EventCountry "CAN"]

1. e4 e5 2. Nf3 Nc6 3. d4 d6 4. d5 Nce7 5. c4 h6 6. h3 Ng6 7. Nc3 Be7 8. Be3 f5
9. exf5 Bxf5 10. Bd3 Qd7 11. Nb5 e4 12. Nfd4 exd3 13. Nxf5 Bf6 14. Qxd3 Ne5 15.
Qe4 Ne7 16. Nxe7 Qxe7 17. f4 Nxc4 18. Nxc7+ Kd7 19. Ne6 Nxe3 20. Qxe3 b6 21.
Rc1 Rhc8 22. b3 Rxc1+ 23. Qxc1 Rc8 24. Qa3 Ke8 25. O-O Rc2 26. Rc1 Bb2 27. Qa4+
1-0

[Event "Pere Noel U1500"]
[Site "Montreal CAN"]
[Date "2016.12.26"]
[Round "1.43"]
[White "Paquin, Robbie"]
[Black "Nanescu, Marin"]
[Result "0-1"]
[WhiteElo "1119"]
[BlackElo "1410"]
[PlyCount "82"]
[EventDate "2016.12.26"]
[EventType "swiss"]
[EventRounds "5"]
[EventCountry "CAN"]

1. e4 e5 2. Nf3 Nc6 3. Bb5 d6 4. d4 exd4 5. Nxd4 Bd7 6. Nxc6 bxc6 7. Bc4 Nf6 8.
Nc3 h6 9. Bb3 Be7 10. Bf4 O-O 11. h3 Be6 12. Bxe6 fxe6 13. e5 Nh7 14. Qg4 Kh8
15. Qxe6 Rxf4 16. g3 Ng5 17. Qg6 Nf3+ 18. Ke2 Nxe5 19. Qe6 Rf6 20. Qb3 Qf8 21.
f4 Rb8 22. Qa4 Ng6 23. b3 d5 24. Qxa7 Qd8 25. Rhd1 Rf8 26. Rd3 Bf6 27. Qc5 Qd7
28. Rh1 Rfe8+ 29. Kd2 Re7 30. Ne2 Ree8 31. g4 Be7 32. Qf2 Qd6 33. Rg1 Qb4+ 34.
c3 Qa3 35. b4 Qxa2+ 36. Ke1 Bd6 37. Rd2 Qa1+ 38. Rd1 Qxc3+ 39. Kf1 Qxh3+ 40.
Rg2 Rxb4 41. Ng3 Rxf4 0-1

[Event "Pere Noel U1500"]
[Site "Montreal CAN"]
[Date "2016.12.26"]
[Round "1.44"]
[White "Bercuvitz, Tani"]
[Black "Neshev, Nikolay"]
[Result "1/2-1/2"]
[WhiteElo "1406"]
[BlackElo "1117"]
[PlyCount "74"]
[EventDate "2016.12.26"]
[EventType "swiss"]
[EventRounds "5"]
[EventCountry "CAN"]

1. d4 d5 2. c4 c6 3. Nc3 Nf6 4. Bf4 Bf5 5. e3 Nbd7 6. Rc1 e6 7. a3 a5 8. Nf3
Nh5 9. Bg5 Be7 10. Bxe7 Qxe7 11. Be2 dxc4 12. Bxc4 Rd8 13. O-O O-O 14. h3 Nc5
15. g4 Bg6 16. gxh5 Bxh5 17. Be2 Qf6 18. Nd2 Bxe2 19. Qxe2 Qg6+ 20. Qg4 Nd3 21.
Qxg6 fxg6 22. Rb1 e5 23. dxe5 Nxe5 24. Nce4 Rd3 25. b4 Rxa3 26. bxa5 Rxa5 27.
Rxb7 Rc8 28. Rfb1 Raa8 29. Nc5 h6 30. f4 Ra2 31. Rb8 Rxb8 32. Rxb8+ Kf7 33. Rd8
Rxd2 34. Rc8 Nf3+ 35. Kf1 Nh2+ 36. Kg1 Nf3+ 37. Kf1 Nh2+ 1/2-1/2

[Event "Pere Noel U1500"]
[Site "Montreal CAN"]
[Date "2016.12.26"]
[Round "1.45"]
[White "Piche, Eric"]
[Black "Arsenault-Mahjoubi, Louis"]
[Result "0-1"]
[WhiteElo "1117"]
[BlackElo "1375"]
[PlyCount "138"]
[EventDate "2016.12.26"]
[EventType "swiss"]
[EventRounds "5"]
[EventCountry "CAN"]

1. e4 c5 2. Nf3 e6 3. g3 b6 4. Bg2 Bb7 5. d3 Nf6 6. O-O Nc6 7. b3 Be7 8. Bb2
Qc7 9. Re1 O-O 10. Nbd2 b5 11. c4 Nb4 12. Nf1 bxc4 13. bxc4 Qd6 14. e5 Qxd3 15.
Qxd3 Nxd3 16. exf6 gxf6 17. Reb1 Rab8 18. Bc3 d5 19. N3d2 d4 20. Rxb7 Rxb7 21.
Bxb7 dxc3 22. Nb3 f5 23. Nc1 Nb2 24. Ba6 Rd8 25. Ne3 Bf6 26. Kf1 Rd6 27. Bb7
Rb6 28. Bf3 c2 29. Nb3 Nd3 30. Nxc2 Bxa1 31. Ncxa1 a5 32. Ke2 Ne5 33. Bh5 a4
34. Nxc5 Rb2+ 35. Ke3 Rxa2 36. Nxa4 Rxa4 37. Nc2 Rxc4 38. Nd4 Kg7 39. Be2 Rb4
40. h3 Kg6 41. f4 Nd7 42. Bf3 Nc5 43. h4 h5 44. Be2 Ne4 45. Nc6 Rb3+ 46. Kd4
Nxg3 47. Ne5+ Kg7 48. Bd1 Rb4+ 49. Ke3 Nf1+ 50. Kf3 Nd2+ 51. Kg3 Rd4 52. Bxh5
f6 53. Nc6 Rc4 54. Nd8 e5 55. Ne6+ Kh6 56. Bf7 Ne4+ 57. Kf3 Nd6 58. Bg8 Rc8 59.
fxe5 fxe5 60. Nd8 Rxd8 61. Bb3 e4+ 62. Ke3 Kh5 63. Be6 Re8 64. Bb3 f4+ 65. Kxf4
e3 66. Bd1+ Kxh4 67. Be2 Kh3 68. Bg4+ Kg2 69. Bf3+ Kf2 0-1

[Event "Pere Noel U1500"]
[Site "Montreal CAN"]
[Date "2016.12.26"]
[Round "1.46"]
[White "Chaudari, Prabhas"]
[Black "Denis, Alain"]
[Result "1-0"]
[WhiteElo "1360"]
[BlackElo "1115"]
[PlyCount "41"]
[EventDate "2016.12.26"]
[EventType "swiss"]
[EventRounds "5"]
[EventCountry "CAN"]

1. e4 c5 2. Nf3 d6 3. d4 cxd4 4. Nxd4 Nf6 5. Nc3 a6 6. Be2 e6 7. Be3 Be7 8. Qd2
Bd7 9. O-O-O O-O 10. f4 Qc7 11. g4 Bc6 12. Nxc6 Nxc6 13. f5 b5 14. g5 Nd7 15.
Rhg1 f6 16. fxe6 Nb6 17. gxf6 Rxf6 18. Bxb6 Qxb6 19. Nd5 Qa5 20. Qxa5 Nxa5 21.
Nxe7+ 1-0

[Event "Pere Noel U1500"]
[Site "Montreal CAN"]
[Date "2016.12.26"]
[Round "1.47"]
[White "Latorre, Vincent"]
[Black "Sison, Hubert"]
[Result "0-1"]
[WhiteElo "1110"]
[BlackElo "1331"]
[PlyCount "76"]
[EventDate "2016.12.26"]
[EventType "swiss"]
[EventRounds "5"]
[EventCountry "CAN"]

1. e4 c5 2. Nf3 Nc6 3. Bb5 a6 4. Bxc6 bxc6 5. d3 e6 6. Nc3 d6 7. Be3 Nf6 8. d4
cxd4 9. Nxd4 Bb7 10. Nde2 Be7 11. Ng3 O-O 12. f4 Qc7 13. e5 dxe5 14. fxe5 Qxe5
15. Qe2 Bb4 16. Bd2 Bxc3 17. Bxc3 Qxe2+ 18. Nxe2 Nd5 19. Bd4 Rfd8 20. c3 Rac8
21. O-O c5 22. Bf2 h6 23. Rad1 Rd7 24. c4 Nf6 25. Nc3 Kf8 26. Na4 Rxd1 27. Rxd1
Ne4 28. Nb6 Rc7 29. Bh4 g5 30. Bf2 Kg7 31. g4 Bc6 32. h3 Rb7 33. Nc8 Nxf2 34.
Kxf2 Rxb2+ 35. Ke1 Rxa2 36. Ne7 Ba4 37. Rc1 Bb3 38. Nc6 a5 0-1

[Event "Pere Noel U1500"]
[Site "Montreal CAN"]
[Date "2016.12.26"]
[Round "1.48"]
[White "Pan, Yu Xiang"]
[Black "Chapdelaine, Gwyn"]
[Result "0-1"]
[WhiteElo "1314"]
[BlackElo "1079"]
[PlyCount "101"]
[EventDate "2016.12.26"]
[EventType "swiss"]
[EventRounds "5"]
[EventCountry "CAN"]

1. e4 e5 2. Nf3 Nc6 3. Nc3 Bc5 4. Nxe5 Bxf2+ 5. Kxf2 Nxe5 6. d4 Nc6 7. Be3 Nge7
8. Qg4 O-O 9. Bh6 Ng6 10. Be3 d5 11. Qg5 Qxg5 12. Bxg5 dxe4 13. Be3 Bf5 14. h3
Rad8 15. d5 Nce5 16. g4 Bxg4 17. hxg4 Nxg4+ 18. Ke2 N6e5 19. Bg2 Nc4 20. Bd4 c6
21. Bxe4 Rfe8 22. Kf3 Nd2+ 23. Kxg4 Nxe4 24. Kf3 cxd5 25. Bxa7 Ng5+ 26. Kg4 h6
27. Rhe1 f5+ 28. Kxf5 Rf8+ 29. Kg4 Nf3 30. Re2 Rd6 31. Kh3 Rg6 32. Nxd5 Ng5+
33. Kh2 Nf3+ 34. Kh1 Kh7 35. Rf1 Rf5 36. Rxf3 Rxf3 37. Bg1 Rfg3 38. Bh2 Rf3 39.
Re1 Rf2 40. Rc1 Rgg2 41. Bg1 Rxc2 42. a4 Rxb2 43. a5 Ra2 44. Bb6 g5 45. Ne7 g4
46. Nf5 h5 47. Bd8 Rgf2 48. Nd6 g3 49. Nxb7 h4 50. a6 h3 51. a7 0-1

[Event "Pere Noel U1500"]
[Site "Montreal CAN"]
[Date "2016.12.26"]
[Round "1.50"]
[White "Wang, Isabelle"]
[Black "Clozel, Claire-Marie"]
[Result "1-0"]
[WhiteElo "1280"]
[BlackElo "1022"]
[PlyCount "43"]
[EventDate "2016.12.26"]
[EventType "swiss"]
[EventRounds "5"]
[EventCountry "CAN"]

1. e4 e5 2. Nf3 Nf6 3. Nc3 Nc6 4. d4 d5 5. dxe5 Nd7 6. Nxd5 Ndxe5 7. Bf4 Bc5 8.
Nxe5 Nxe5 9. Bxe5 O-O 10. Bd3 Qh4 11. O-O Bd7 12. Bxc7 Bh3 13. Bg3 Qg5 14. gxh3
f5 15. exf5 Rxf5 16. Bxf5 Qxf5 17. b4 Bd6 18. Bxd6 Qg5+ 19. Kh1 Rd8 20. Be7
Rxd5 21. Bxg5 Rxd1 22. Raxd1 1-0

[Event "Pere Noel U1500"]
[Site "Montreal CAN"]
[Date "2016.12.26"]
[Round "1.51"]
[White "Blondin, Bernard"]
[Black "Imbeault, Marc"]
[Result "0-1"]
[WhiteElo "939"]
[BlackElo "1277"]
[PlyCount "84"]
[EventDate "2016.12.26"]
[EventType "swiss"]
[EventRounds "5"]
[EventCountry "CAN"]

1. d4 Nf6 2. Nf3 d6 3. e3 g6 4. c3 Bg7 5. Bd3 O-O 6. O-O Nbd7 7. e4 e5 8. Bd2
c6 9. Bg5 Qb6 10. Qb3 Re8 11. Qxb6 Nxb6 12. h3 Nh5 13. g4 Nf6 14. Nbd2 Be6 15.
dxe5 dxe5 16. Nxe5 Nxe4 17. Nef3 Nxg5 18. Nxg5 Rad8 19. Nxe6 fxe6 20. Nb3 Rxd3
21. Nc5 Rxh3 22. Rae1 Rf3 23. Nxe6 Rf6 24. Nc7 Rxe1 25. Rxe1 Rf8 26. Re7 Nd5
27. Nxd5 cxd5 28. Rxb7 Rf4 29. Kg2 Rxg4+ 30. Kf1 d4 31. c4 d3 32. Ke1 Rxc4 33.
Kd2 Rc2+ 34. Kxd3 Rxf2 35. b4 Rxa2 36. Kc4 h5 37. b5 h4 38. Kc5 h3 39. Rb8+ Kh7
40. Kc6 h2 41. b6 h1=Q+ 42. Kc7 Be5+ 0-1

[Event "Pere Noel U1500"]
[Site "Montreal CAN"]
[Date "2016.12.26"]
[Round "1.52"]
[White "Begin, Francois"]
[Black "Gomel, Francois-Xavier"]
[Result "1-0"]
[WhiteElo "1261"]
[BlackElo "939"]
[PlyCount "49"]
[EventDate "2016.12.26"]
[EventType "swiss"]
[EventRounds "5"]
[EventCountry "CAN"]

1. e4 e5 2. Nf3 Nf6 3. Nxe5 Qe7 4. Nf3 Nxe4 5. Be2 d5 6. h3 Ng5 7. O-O Nc6 8.
d4 Nxf3+ 9. Bxf3 Qh4 10. Re1+ Be6 11. Bxd5 Qxd4 12. Bxc6+ bxc6 13. Qxd4 Bd6 14.
Qxg7 O-O-O 15. Qc3 Rhg8 16. Nd2 c5 17. Ne4 Bd5 18. Nxd6+ Rxd6 19. g3 f5 20.
Qxc5 Rgg6 21. Re7 Bc6 22. Bf4 Kd8 23. Bxd6 cxd6 24. Qxa7 d5 25. Qc7# 1-0

[Event "Pere Noel U1500"]
[Site "Montreal CAN"]
[Date "2016.12.26"]
[Round "1.53"]
[White "Georgescu-Nicolau, Luca"]
[Black "Pommainville, Vincent"]
[Result "0-1"]
[WhiteElo "931"]
[BlackElo "1259"]
[PlyCount "68"]
[EventDate "2016.12.26"]
[EventType "swiss"]
[EventRounds "5"]
[EventCountry "CAN"]

1. e4 e5 2. Nf3 Nc6 3. Bb5 a6 4. Bxc6 dxc6 5. Nc3 Bd6 6. O-O Bg4 7. h3 Bh5 8.
d3 h6 9. Be3 Qf6 10. d4 Bxf3 11. Qxf3 Qxf3 12. gxf3 Ne7 13. dxe5 Bxe5 14. f4
Bxc3 15. bxc3 Ng6 16. f5 Ne5 17. Kg2 Nc4 18. Rab1 b5 19. Rfd1 Rd8 20. Rxd8+
Kxd8 21. Bd4 f6 22. Rd1 Kc8 23. Re1 Re8 24. Kf3 Ne5+ 25. Bxe5 Rxe5 26. Kf4 Rc5
27. Re3 Rc4 28. Kg4 Ra4 29. Kh5 Rxa2 30. Re2 Ra1 31. Kg6 Rg1+ 32. Kh7 a5 33. e5
fxe5 34. Rxe5 Kd7 0-1

[Event "Pere Noel U1500"]
[Site "Montreal CAN"]
[Date "2016.12.27"]
[Round "2.1"]
[White "Tesar, Mathias"]
[Black "Morin-Pare, Victor"]
[Result "0-1"]
[WhiteElo "1307"]
[BlackElo "1492"]
[PlyCount "76"]
[EventDate "2016.12.26"]
[EventType "swiss"]
[EventRounds "5"]
[EventCountry "CAN"]

1. d4 Nf6 2. Nf3 g6 3. Bf4 Bg7 4. e3 O-O 5. h3 d6 6. Be2 Re8 7. c3 Nh5 8. Bh2
f5 9. O-O Nd7 10. Nbd2 e5 11. dxe5 dxe5 12. Nb3 a5 13. a4 f4 14. exf4 Nxf4 15.
Bxf4 exf4 16. Re1 Kh8 17. Qd5 c6 18. Qd6 Nf6 19. Qxf4 Re4 20. Rad1 Qxd1 21.
Rxd1 Rxf4 22. Rd8+ Ng8 23. Nbd4 Rf8 24. Ng5 h6 25. Rxf8 Bxf8 26. Nf7+ Kg7 27.
Bc4 Nf6 28. Ne5 Bd6 29. Nef3 Bf5 30. Kf1 Re8 31. Nxf5+ gxf5 32. Nd4 Kg6 33. f3
Bg3 34. Ne2 f4 35. Nxg3 fxg3 36. h4 Nd5 37. Bd3+ Kf6 38. Be4 Ne3+ 0-1

[Event "Pere Noel U1500"]
[Site "Montreal CAN"]
[Date "2016.12.27"]
[Round "2.2"]
[White "Chira, Dan"]
[Black "Wang, Isabelle"]
[Result "1/2-1/2"]
[WhiteElo "1485"]
[BlackElo "1280"]
[PlyCount "139"]
[EventDate "2016.12.26"]
[EventType "swiss"]
[EventRounds "5"]
[EventCountry "CAN"]

1. e4 e5 2. f4 d6 3. Nf3 Nc6 4. c3 exf4 5. Bc4 g6 6. O-O Bg7 7. d4 Nf6 8. Ng5
O-O 9. Rxf4 h6 10. Nxf7 Rxf7 11. Qb3 Qe7 12. Bxf7+ Qxf7 13. Qxf7+ Kxf7 14. b4
a6 15. Bb2 b6 16. Nd2 Bb7 17. Re1 Re8 18. Nf1 Kg8 19. Ng3 Nd8 20. e5 dxe5 21.
dxe5 Nd7 22. c4 Re6 23. Kf1 Bxe5 24. Bxe5 Rxe5 25. Rd4 Rxe1+ 26. Kxe1 Bc6 27.
Ne4 Nf7 28. g3 Kg7 29. Kd2 Nf6 30. Nxf6 Kxf6 31. Rf4+ Ke6 32. Kc3 g5 33. Rf2
Nd6 34. Re2+ Kf5 35. Kd4 Kf6 36. Rc2 Nf5+ 37. Kc3 Ke5 38. Re2+ Be4 39. c5 bxc5
40. bxc5 Kd5 41. Kb4 Bb1 42. Rb2 Be4 43. Re2 Bb1 44. a3 Nd4 45. Rd2 Ke5 46. Ka5
Nb3+ 47. Kxa6 Nxd2 48. Kb7 Kd5 49. Kxc7 Kxc5 50. Kd7 h5 51. Ke6 h4 52. gxh4
gxh4 53. Ke5 h3 54. Kf4 Be4 55. Ke3 Bg2 56. Kxd2 Kb5 57. Kc3 Ka4 58. Kb2 Bd5
59. Kc3 Kxa3 60. Kd4 Bg2 61. Ke3 Kb4 62. Kd4 Kb5 63. Kd3 Kc5 64. Kc3 Kd5 65.
Kd3 Bf1+ 66. Ke3 Ke5 67. Kf2 Bg2 68. Kg1 Ke4 69. Kf2 Bf3 70. Kg3 1/2-1/2

[Event "Pere Noel U1500"]
[Site "Montreal CAN"]
[Date "2016.12.27"]
[Round "2.3"]
[White "Imbeault, Marc"]
[Black "Girard-Plouffe, Francois"]
[Result "0-1"]
[WhiteElo "1277"]
[BlackElo "1474"]
[PlyCount "78"]
[EventDate "2016.12.26"]
[EventType "swiss"]
[EventRounds "5"]
[EventCountry "CAN"]

1. Nf3 g6 2. d3 Bg7 3. g3 Nf6 4. Bg2 O-O 5. O-O c6 6. c4 d6 7. Nc3 Nbd7 8. b4
a5 9. b5 cxb5 10. Nxb5 a4 11. Rb1 Nc5 12. Nc3 a3 13. d4 Ne6 14. Ng5 Nxg5 15.
Bxg5 Qa5 16. Qb3 Qxg5 17. Bxb7 Bxb7 18. Qxb7 Ng4 19. h4 Qd2 20. Qb3 Qxd4 21.
Nb5 Qc5 22. Qf3 Ne5 23. Qb3 Nxc4 24. Rfc1 d5 25. e3 Bb2 26. Rc2 e6 27. Nd4 Rab8
28. Qd3 Rfc8 29. f4 Qe7 30. Kf2 e5 31. Nb3 exf4 32. exf4 Qa7+ 33. Kf3 Re8 34.
Re2 Rxe2 35. Qxe2 Qa4 36. Nc5 Qe8 37. Qf2 d4 38. Ne4 Qc6 39. Rd1 f5 0-1

[Event "Pere Noel U1500"]
[Site "Montreal CAN"]
[Date "2016.12.27"]
[Round "2.4"]
[White "Perecowicz, Boaz"]
[Black "Begin, Francois"]
[Result "1-0"]
[WhiteElo "1420"]
[BlackElo "1261"]
[PlyCount "83"]
[EventDate "2016.12.26"]
[EventType "swiss"]
[EventRounds "5"]
[EventCountry "CAN"]

1. d4 Nf6 2. c4 c5 3. Nf3 cxd4 4. Nxd4 e5 5. Nf3 Nc6 6. Nc3 Bb4 7. Bd2 Bxc3 8.
Bxc3 d6 9. Qc2 O-O 10. O-O-O Ng4 11. e3 Re8 12. h3 Nf6 13. Be2 Re7 14. g4 Rd7
15. Bd3 g6 16. Rdg1 b6 17. Nd2 Bb7 18. f3 a5 19. h4 Nb4 20. Bxb4 axb4 21. b3 d5
22. c5 Rc7 23. Kb1 Rxc5 24. Qd1 Rca5 25. Qc2 Ba6 26. Bxa6 R5xa6 27. h5 Qc8 28.
Qxc8+ Rxc8 29. hxg6 fxg6 30. f4 exf4 31. exf4 Ne4 32. Nxe4 dxe4 33. f5 b5 34.
Rh2 Ra7 35. Re2 Re8 36. f6 Ra6 37. Rf1 Kf7 38. g5 Re5 39. Rh2 Kf8 40. Rxh7 Rxg5
41. Rc1 Ra8 42. Rh8+ 1-0